| Поле | Название | Значение |
| |
Тип записи |
a |
| |
Библиографический уровень |
m |
| 001 |
Контрольный номер |
4cccc4638ba74367bb52f7cf0750c292 |
| 005 |
Дата корректировки |
20160920155519.2 |
| 010 |
Индекс ISBN |
__ |
| a |
ISBN |
978-5-9692-0125-5 |
| 200 |
Заглавие и сведения об ответственности |
1_ |
| a |
Заглавие |
Инновационный менеджмент |
| b |
Общее обозначение материала |
Текст |
| e |
Сведения, относящиеся к заглавию |
учебник для вузов |
| 210 |
Выходные данные |
1_ |
| a |
Место издания |
М. |
| c |
Издательство |
Высшее образование |
| d |
Дата издания |
2007 |
| 215 |
Физическое описание |
__ |
| a |
Объем |
505 с. |
| 225 |
Серия |
2_ |
| a |
Серия |
Основы наук |
| 330 |
Аннотация |
__ |
| a |
Аннотация |
Рассматриваются особенности функционирования организации в условиях динамично изменяющейся среды на основе методологии и технологии инновационного менеджмента. Раскрываются вопросы инновационной деятельности организаций, теоретические основы инноваций, особенности диффузии инноваций и государственного регулирования инновационными процессами в условиях рыночной экономики. |
| 606 |
Тематические рубрики |
__ |
| a |
Основная рубрика |
Экономика организации (предприятия, фирмы) |
| 610 |
Ключевые слова |
0_ |
| a |
Ключевые слова |
инновационные процессы |
| a |
Ключевые слова |
инновационные компании |
| a |
Ключевые слова |
инновационная деятельность |
| a |
Ключевые слова |
инновационная политика |
| a |
Ключевые слова |
маркетинг инноваций |
| a |
Ключевые слова |
финансирование инноваций |
| a |
Ключевые слова |
инновационные проекты |
| 686 |
Индексы других классификаций |
__ |
| a |
Классификационный индекс |
65.291.551-21 |
| 2 |
Код системы |
rubbk |
| 700 |
Автор |
_1 |
| a |
Фамилия |
Ермасов |
| b |
Имя |
С. В. |
| 701 |
Альтернативная интеллектуальная ответственность |
_1 |
| a |
Фамилия |
Ермасова |
| b |
Имя |
Н. Б. |
| 852 |
Данные о местонахождении |
__ |
| i |
Авторский знак |
Е 72 |
| j |
Шифр хранения |
65.291.21 |
| 938 |
Служебная информация |
__ |
| a |
Название организации |
Волгоградский филиал |
| b |
Имя БД |
Каталог_ВКИ |
| c |
Название АИБС |
АИБС МАРК-SQL |
| 952 |
Тип литературы |
__ |
| b |
Гриф литературы для ВШ |
гриф |
| c |
Вид литературы |
учебник |
| d |
Цикл дисциплин |
Профессиональный |
| i |
Дисциплина |
Инновационный менеджмент |